Last 5 Countries Alphabetical Per Continent - Statistics

General Stats
  • This quiz has been taken 60 times
  • The average score is 21 of 25
Answer Stats
Continent Answer % Correct
S.America Uruguay
98%
Africa Zimbabwe
98%
Oceania Vanuatu
96%
Africa Zambia
96%
Oceania Tuvalu
95%
S.America Venezuela
95%
Europe UK
93%
Asia Vietnam
91%
Asia Yemen
91%
S.America Suriname
89%
Europe Ukraine
89%
Asia Uzbekistan
89%
S.America Paraguay
88%
Oceania Tonga
88%
S.America Peru
86%
Oceania Samoa
84%
Oceania Solomon Islands
84%
Europe Vatican City
84%
Africa Uganda
81%
Europe Switzerland
75%
Europe Turkey
75%
Asia Turkmenistan
75%
Africa Togo
68%
Africa Tunisia
61%
Asia UAE
61%
No matching quizzes found
Score Distribution
Percent of People with Each Score
Percentile by Number Answered
Your Score History
You have not taken this quiz